000 00682nam a2200241Ia 4500
003 OSt
005 20221005032000.0
006 a|||||r|||| 00| 0
007 ta
008 221004b |||||||| |||| 00| 0 tam d
024 _a2904
037 _bGift, 18/03/2013,
_cTextual
040 _aCRL
_cCRL
_btam
041 _2tam
_atam
082 _aLC, 31P5
100 _aSubramanian V. Ed.
_9584607
245 0 _aSiddha maruttuvam
260 _aChennai
_bTamil Valarchi Kazhagam India
_c2005
300 _a421p.
_ccm.
650 _aPHARMACEUTICAL CHEMISTRY
_9200028
942 _hLC, 31P5
_cTEXL
_2cc
999 _c938840
_d938840